Normale Ansicht
MARC-Ansicht
Eintrag Personenname
001 - Kontrollnummer
- Kontrollfeld: 17603
003 - Kontrollnummer Identifier
- Kontrollfeld: RU-10907106
005 - Datum und Zeit der letzten Transaktion
- Kontrollfeld: 20221118094327.0
008 - Datenelemente mit fester Länge
- Kontrollfeld mit fester Länge: 221118|| aca||aabn | a|a d
040 ## - Katalogisierungsquelle
- Original-Katalogisierungsstelle: RU-10907106
- Übertragungsstelle: RU-10907106
100 ## - Ansetzung - Personenname
- Personenname: Janin, V. L
670 ## - Datenquelle
- Quellenangabe: Work cat.: (RU-10907106)45615: Rossijskoe zakonodatel'stvo X-XX vekov Tom 1 Zakonodatel'stvo Drevnej Rusi : predislovie, vvedenie, russkaja Pravda, knjažeskie ustavy i ustavnye gramoty, sudnye gramot